00463nam a2200217Ia 4500003000900000008004100009040001300050040001300063041000800076100002000084100001000104245003200114250001200146260001400158260000900172300001100181300001000192490001500202490000600217700002200223IT-RoPAU120407s9999 xx 000 0 und d aIT-RoPAU cIT-RoPAU aita aGrace C. Martin ccoll. aIntroduzione all’algebra. aFirenze aVallecchi c1967 a354 p. c22 cm aTutor/FPCT v1 aNorman A. Crowder